00430nam a22001577a 450000500170000000800410001702000180005804100080007608200160008410000170010024500450011726000460016230000190020865000260022770000190025320250324120349.0250324b |||||||| |||| 00| 0 eng d a9781787151512 aEng a332.042 COX aCox, Sarah  aInternational Finance: Theory and Policy aUKbKruger Brentt Publisher Uk. Ltdc2023 a370;. P. 24 cm aInternational Finance aAllen, Albert